Organic chemistry for the JEE main and advanced / (Record no. 142595)

MARC details
000 -LEADER
fixed length control field 00731nam a22001817a 4500
005 - DATE AND TIME OF LATEST TRANSACTION
control field 20170714141019.0
020 ## - INTERNATIONAL STANDARD BOOK NUMBER
International Standard Book Number 9789332575622 (v.2)
Terms of availability 699.00
035 ## - SYSTEM CONTROL NUMBER
System control number B-668036
037 ## - SOURCE OF ACQUISITION
Stock number dpl
Source of stock number/acquisition Techniz BooksI/Ven
082 ## - DEWEY DECIMAL CLASSIFICATION NUMBER
Classification number 547
100 ## - MAIN ENTRY--PERSONAL NAME
Personal name Raju, I.S.S.
245 ## - TITLE STATEMENT
Title Organic chemistry for the JEE main and advanced /
Statement of responsibility, etc by I.S.S.Raju
260 ## - PUBLICATION, DISTRIBUTION, ETC. (IMPRINT)
Place of publication, distribution, etc Noida
Name of publisher, distributor, etc Pearson Education
Date of publication, distribution, etc 2017
270 ## - ADDRESS
Address A-8 (A), 7th Floor, Knowledge Boulevard, Sector 62
City Noida
Postal code 201309 (U.P)
300 ## - PHYSICAL DESCRIPTION
Extent V.2(various pagings) :
Other physical details ill.
Dimensions 25cm(pbk)
942 ## - ADDED ENTRY ELEMENTS (KOHA)
Source of classification or shelving scheme Dewey Decimal Classification
Item type English Books
Call number suffix RAJ
Classification part 547
Holdings
Withdrawn status Lost status Not for loan Collection code Home library Current library Date acquired Source of acquisition Cost, normal purchase price Full call number Barcode Copy number Cost, replacement price Koha item type
      Non-fiction Ashok Vihar Ashok Vihar 14/07/2017 BPPD/EN/2015-16/AV/16-17/407/15.2.2017/17434/24.2.2017/ 18.3.2017 699.00 547 RAJ B-668036 1 699.00 English Books

© Delhi Public Library
Hit Counter
free hit counter